000 00754cab a2200193 4500
001 L136463
008 070201n2007 000 0 eng u
035 _a(Sirsi) u136463
041 0 _aeng
100 1 _aHambleton, Robin
245 0 0 _aIdea exchange finds favour
260 _c2007
490 0 0 _aPlanning (for the Natural and Built Environment)
_v(1703) 26 January 2007, 15-16(2)
520 _aLooks at future practice in UK planning, arguing that dialogue with experts in other countries is going to be important. Highlights examples of UK cities that have drawn on an American model for successfully regenerating waterside destinations.
590 _aKA
651 4 _aUnited Kingdom
_y
690 _aPlanning and development
_96259
942 _n0
999 _c78304
_d78304